Kỹ năng nghiệp vụ hội thẩm dùng trong xét xử các vụ án hình sự

Sách tập trung phân tích những vấn đề pháp lý cơ bản về hình sự, tố tụng hình sự sau khi Bộ luật hình sự năm 2015(sửa đổi, bổ sung năm 2017).

Gardado en:
Detalles Bibliográficos
Autor Principal: Vũ Hoài Nam (Chủ biên)
Outros autores: Nguyễn Thị Mai, Trần Huy Đức, Lê Ngọc Thạnh
Formato: Libro
Idioma:Vietnamese
Publicado: H. Tư pháp 2017
Những chủ đề:
Các nhãn: Engadir etiqueta
Sen Etiquetas, Sexa o primeiro en etiquetar este rexistro!
Thư viện lưu trữ: Thư viện Trường Đại học Nam Cần Thơ
LEADER 01948nam a22002897a 4500
001 NCT_56614
008 190107b xxu||||| |||| 00| 0 vie d
999 |c 2734  |d 2734 
020 |a 9786048111410  |c 106000 
082 |2 23rd ed.  |a 347.59707  |b N104 
100 1 |a Vũ Hoài Nam  |e Chủ biên 
245 1 0 |a Kỹ năng nghiệp vụ hội thẩm dùng trong xét xử các vụ án hình sự  |c Vũ Hoài Nam (chủ biên) ; Nguyễn Thị Mai, Trần Huy Đức 
260 |a H.  |b Tư pháp  |c 2017 
300 |a 300 tr.  |c 21cm 
520 3 |a Sách tập trung phân tích những vấn đề pháp lý cơ bản về hình sự, tố tụng hình sự sau khi Bộ luật hình sự năm 2015(sửa đổi, bổ sung năm 2017). 
653 |a Luật học 
700 1 |a Nguyễn Thị Mai 
700 1 |a Trần Huy Đức 
700 1 |a Lê Ngọc Thạnh 
942 |2 ddc  |c BK 
952 |0 0  |1 0  |2 ddc  |4 0  |6 347_597070000000000_N104  |7 0  |9 15095  |a 000001  |b 000001  |d 2019-01-07  |o 347.59707 N104  |p MD.13792  |r 2019-01-07  |v 106000.00  |w 2019-01-07  |y BK 
952 |0 0  |1 0  |2 ddc  |4 0  |6 347_597070000000000_N104  |7 0  |9 15096  |a 000001  |b 000001  |d 2019-01-07  |o 347.59707 N104  |p MD.13793  |r 2019-01-07  |v 106000.00  |w 2019-01-07  |y BK 
952 |0 0  |1 0  |2 ddc  |4 0  |6 347_597070000000000_N104  |7 0  |9 15097  |a 000001  |b 000001  |d 2019-01-07  |o 347.59707 N104  |p MD.13794  |r 2019-01-07  |v 106000.00  |w 2019-01-07  |y BK 
952 |0 0  |1 0  |2 ddc  |4 0  |6 347_597070000000000_N104  |7 0  |9 21652  |a 000001  |b 000001  |d 2021-10-20  |o 347.59707 N104  |p MD.18886  |r 2021-10-20  |v 106000.00  |w 2021-10-20  |y BK 
952 |0 0  |1 0  |2 ddc  |4 0  |6 347_597070000000000_N104  |7 0  |9 21653  |a 000001  |b 000001  |d 2021-10-20  |o 347.59707 N104  |p MD.18887  |r 2021-10-20  |v 106000.00  |w 2021-10-20  |y BK 
952 |0 0  |1 0  |2 ddc  |4 0  |6 347_597070000000000_N104  |7 0  |9 21654  |a 000001  |b 000001  |d 2021-10-20  |o 347.59707 N104  |p MD.18888  |r 2021-10-20  |v 106000.00  |w 2021-10-20  |y BK 
980 |a Thư viện Trường Đại học Nam Cần Thơ